| 000 | 00359nam a2200145Ia 4500 | ||
|---|---|---|---|
| 008 | 240307s9999||||xx |||||||||||||| ||und|| | ||
| 020 | _a 9789388305808 | ||
| 082 |
_a610 _bBha/B |
||
| 100 | _aPal,Bhaswati | ||
| 245 | 0 | _aBioequivalence Study of Drugs | |
| 250 | _a1st Edition | ||
| 260 |
_aHyderabad _bPharmamed Press _c2022 |
||
| 300 | _a229p. | ||
| 942 | _cBK | ||
| 999 |
_c43702 _d43702 |
||